Statistiques concernant Villes +1Million d'habitants par proximité

Cliquez ici pour prendre le quiz!

Statistiques générales

  • Ce quiz a été pris 934 fois
  • Le résultat moyen est 479 sur 569

Réponses sur la Carte

Les réponses sont colorées sur une échelle allant du rouge au vert en fonction du pourcentage des utilisateurs qui les ont devinées à leur premier essai. Vous pouvez retrouver ces pourcentages ci-dessous.
 

Statistiques - réponses

Payslatitudelongitude#Ville prochePopVille% Correct
Espagne41.383299582.18337031920Toulouse, Valence, Marseille, Bordeaux, Madrid…4,700,000Barcelone
100%
France44.85001304-0.59501306332Toulouse, Lyon, Barcelone, Paris, Marseille…1,050,000Bordeaux
100%
France43.604261.4436729Bordeaux, Barcelone, Marseille, Lyon, Valence…1,030,000Toulouse
100%
Pays-Bas52.349968694.91664017635Rotterdam, Anvers, La Ruhr, Bruxelles, Cologne / Dusseldorf…2,425,000Amsterdam
99%
Belgique51.220373554.41501704836Bruxelles, Rotterdam, Lille, Amsterdam, Cologne / Dusseldorf…1,030,000Anvers
99%
Allemagne52.5218186613.4015486230Hanovre, Hambourg, Prague, Copenhague, Nuremberg…4,625,000Berlin
99%
Royaume-Uni52.47497398-1.91999678727Nottingham, Sheffield, Manchester, Liverpool, Leeds…3,100,000Birmingham
99%
Belgique50.833317084.33331660836Anvers, Lille, Rotterdam, Amsterdam, Cologne / Dusseldorf…2,050,000Bruxelles
99%
Allemagne50.930003686.95000443439La Ruhr, Francfort, Anvers, Bruxelles, Mannheim…4,975,000Cologne / Dusseldorf
99%
Irlande53.33306114-6.24890568218Liverpool, Manchester, Birmingham, Glasgow, Leeds…1,370,000Dublin
99%
Allemagne50.099976838.6750154238Mannheim, Stuttgart, Cologne / Dusseldorf, Nuremberg, La Ruhr…3,225,000Francfort
99%
Royaume-Uni55.87440472-4.25070723621Newcastle, Leeds, Liverpool, Manchester, Dublin…1,660,000Glasgow
99%
Allemagne53.550024649.99999914437Hanovre, Berlin, Copenhague, La Ruhr, Cologne / Dusseldorf…2,825,000Hambourg
99%
Allemagne52.366970239.71665726637Hambourg, La Ruhr, Cologne / Dusseldorf, Berlin, Francfort...1,150,000Hanovre
99%
Allemagne51.537.0440Cologne / Dusseldorf, Amsterdam, Rotterdam, Anvers, Francfort…5,700,000La Ruhr
99%
Royaume-Uni53.83000755-1.58001753924Sheffield, Manchester, Nottingham, Liverpool, Newcastle…2,150,000Leeds
99%
France50.649969093.08000809635Bruxelles, Anvers, Rotterdam, Paris, Amsterdam…1,290,000Lille
99%
Royaume-Uni53.41600181-2.91799788624Manchester, Sheffield, Leeds, Birmingham, Nottingham…1,860,000Liverpool
99%
Royaume-Uni51.49999473-0.11672184433Southampton, Birmingham, Nottingham, Sheffield, Lille…14,600,000Londres
99%
France45.770008564.83003047535Turin, Marseille, Zurich, Milan, Toulouse…1,980,000Lyon
99%
Royaume-Uni53.50041526-2.24798710326Liverpool, Sheffield, Leeds, Nottingham, Birmingham…3,025,000Manchester
99%
Allemagne49.500375188.47001501338Francfort, Stuttgart, Nuremberg, Cologne / Dusseldorf, Zurich…1,570,000Mannheim
99%
France43.289979065.3750101328Turin, Lyon, Toulouse, Barcelone, Milan…1,660,000Marseille
99%
Italie45.46997529.2050089133Turin, Zurich, Lyon, Munich, Stuttgart…5,150,000Milan
99%
Allemagne48.1299420411.5749934532Nuremberg, Stuttgart, Zurich, Mannheim, Prague…2,250,000Munich
99%
Royaume-Uni55.00037539-1.5999904824Leeds, Manchester, Sheffield, Glasgow, Liverpool…1,470,000Newcastle
99%
Royaume-Uni52.97034426-1.17001672529Sheffield, Birmingham, Manchester, Leeds, Liverpool…1,370,000Nottingham
99%
Allemagne49.4499906611.079984935Munich, Stuttgart, Francfort, Mannheim, Prague…1,190,000Nuremberg
99%
France48.866692932.33333532635Lille, Bruxelles, Anvers, Londres, Southampton…11,300,000Paris
99%
République Tchèque50.0833370114.4659797828Vienne, Nuremberg, Berlin, Munich, Katowice…1,420,000Prague
99%
Pays-Bas51.91996914.47997432337Amsterdam, Anvers, Bruxelles, Lille, La Ruhr…3,200,000Rotterdam
99%
Royaume-Uni53.36667666-1.49999658328Nottingham, Leeds, Manchester, Liverpool, Birmingham…1,550,000Sheffield
99%
Royaume-Uni50.90003135-1.39997684932Londres, Birmingham, Nottingham, Sheffield, Manchester…1,160,000Southampton
99%
Allemagne48.779979889.19999629640Mannheim, Francfort, Nuremberg, Zurich, Munich…2,375,000Stuttgart
99%
Italie45.070387197.66996048932Milan, Lyon, Zurich, Marseille, Stuttgart…1,660,000Turin
99%
Suisse47.379987818.5500101336Stuttgart, Milan, Mannheim, Munich, Turin…1,400,000Zurich
99%
Chine36.09944114.3288978Handan, Xinxiang, Xingtai, Jiaozuo, Kaifeng…1,080,000Anyang
98%
Chine32.94999005117.33003782Huainan, Suzhou, Hefei, Huaibei, Fuyang…1,380,000Bengbu
98%
États-Unis42.32996014-71.0700136715Hartford, New York, Montreal, Philadelphie, Ottawa...7,600,000Boston
98%
États-Unis42.87997825-78.8800020823Toronto, Cleveland, Pittsburgh, Harrisburg, Detroit…1,350,000Buffalo
98%
Chine31.77998395119.969979286Jiangyin, Wuxi, Zhenjiang, Taizhou, Changshu…2,725,000Changzhou
98%
États-Unis35.20499453-80.8300380927Greensboro, Raleigh, Atlanta, Richmond, Virginia Beach…2,375,000Charlotte
98%
États-Unis39.16188479-84.4569226525Louisville, Columbus, Indianapolis, Cleveland, Detroit…2,750,000Cincinnati
98%
États-Unis41.4699868-81.6949982126Detroit, Pittsburgh, Columbus, Buffalo, Toronto…3,050,000Cleveland
98%
États-Unis39.97997438-82.990009626Cincinnati, Cleveland, Pittsburgh, Detroit, Indianapolis…1,700,000Columbus
98%
Chine38.92283839121.629830875Yantai, Weihai, Yingkou, Qinhuangdao, Jinzhou…4,500,000Dalian
98%
États-Unis42.32996014-83.0800557927Cleveland, Columbus, Pittsburgh, Toronto, Buffalo…5,700,000Detroit
98%
Chine32.889124115.82108180Huainan, Suzhou, Bengbu, Huaibei, Hefei…1,000,000Fuyang
98%
États-Unis36.07000633-79.8000234427Raleigh, Charlotte, Richmond, Virginia Beach, Washington…1,110,000Greensboro
98%
Chine36.5799752114.479978479Xingtai, Anyang, Xinxiang, Shijiazhuang, Jiaozuo…1,480,000Handan
98%
États-Unis40.27359987-76.8847491925Philadelphie, Washington, New York, Pittsburgh, Richmond…1,320,000Harrisburg
98%
États-Unis41.77002016-72.6799670817Boston, New York, Philadelphie, Harrisburg, Montreal…1,690,000Hartford
98%
Chine31.85003135117.280014282Huainan, Ma'anshan, Wuhu, Bengbu, Nanjing…4,675,000Hefei
98%
Chine33.58000327119.029984988Suqian, Yancheng, Lianyungang, Yangzhou, Taizhou…1,920,000Huai'an
98%
Chine33.95036826116.750020784Suzhou, Xuzhou, Bengbu, Tengzhou, Suqian…1,420,000Huaibei
98%
Chine32.62998374116.979980879Bengbu, Hefei, Fuyang, Suzhou, Huaibei…1,950,000Huainan
98%
Chine31.93120.386Changzhou, Wuxi, Nantong, Taizhou, Changshu…2,450,000Jiangyin
98%
Chine35.2500047113.220003682Xinxiang, Zhengzhou, Luoyang, Kaifeng, Anyang…1,530,000Jiaozuo
98%
Chine36.67498232116.995018777Tai'an, Zibo, Jining, Tengzhou, Weifang…4,150,000Jinan
98%
Chine35.405116.5813984Tengzhou, Tai'an, Xuzhou, Jinan, Huaibei…1,160,000Jining
98%
Chine34.85000327114.350012283Zhengzhou, Xinxiang, Jiaozuo, Anyang, Luoyang…1,230,000Kaifeng
98%
Chine34.60043194119.17002885Linyi, Rizhao, Suqian, Huai'an, Yancheng…1,120,000Lianyungang
98%
Chine35.07998924118.32997685Lianyungang, Tengzhou, Rizhao, Suqian, Xuzhou…1,950,000Linyi
98%
Chine34.67998781112.470075281Jiaozuo, Zhengzhou, Xinxiang, Kaifeng, Nanyang…2,125,000Luoyang
98%
Chine31.73040041118.480044380Wuhu, Nanjing, Zhenjiang, Hefei, Yangzhou…1,130,000Ma'anshan
98%
Espagne40.40002626-3.68335168616Valence, Seville, Málaga, Porto, Lisbonne…6,350,000Madrid
98%
Biélorussie53.8999774427.5666271616Kiev, Varsovie, Moscou, Saint Petersbourg, Katowice…2,000,000Minsk
98%
Canada45.49999921-73.5832969615Ottawa, Boston, Hartford, Toronto, Buffalo…4,200,000Montreal
98%
Chine32.05001914118.779974382Ma'anshan, Zhenjiang, Yangzhou, Wuhu, Taizhou…6,600,000Nanjing
98%
Chine32.0303821120.825017586Jiangyin, Wuxi, Changshu, Changzhou, Taizhou…1,970,000Nantong
98%
Chine33.00040041112.530019984Xiangyang, Luoyang, Zhengzhou, Jiaozuo, Kaifeng…1,110,000Nanyang
98%
États-Unis40.74997906-73.9800169319Philadelphie, Hartford, Harrisburg, Boston, Washington…22,200,000New York
98%
Algerie35.71000246-0.6199727816Alger, Málaga, Valence, Fès, Tanger…1,420,000Oran
98%
Canada45.4166968-75.700015315Montreal, Toronto, Buffalo, Hartford, Boston…1,220,000Ottawa
98%
États-Unis39.99997316-75.1699959721New York, Harrisburg, Washington, Hartford, Richmond…7,350,000Philadelphie
98%
États-Unis40.4299986-79.9999853926Cleveland, Columbus, Harrisburg, Buffalo, Washington…2,050,000Pittsburgh
98%
Corée du Nord39.0194387125.754690760Séoul, Benxi, Daejeon, Anshan, Yingkou…2,875,000Pyongyang
98%
Chine36.08997927120.330008980Rizhao, Weifang, Yantai, Lianyungang, Linyi…5,900,000Qingdao
98%
Chine39.93036501119.620026473Tangshan, Jinzhou, Dalian, Tianjin, Yingkou…1,220,000Qinhuangdao
98%
États-Unis35.81878135-78.6446934425Greensboro, Charlotte, Richmond, Virginia Beach, Washington…1,590,000Raleigh
98%
États-Unis37.55001935-77.44998624Virginia Beach, Washington, Raleigh, Greensboro, Harrisburg…1,050,000Richmond
98%
Chine35.43038129119.450010979Lianyungang, Qingdao, Linyi, Weifang, Suqian…1,150,000Rizhao
98%
Corée du Sud37.5663491126.99973156Daejeon, Pyongyang, Daegu, Gwangju, Changwon…24,600,000Séoul
98%
Chine38.05001467114.479978470Xingtai, Baoding, Handan, Taiyuan, Anyang…4,225,000Shijiazhuang
98%
Chine33.965778118.27919989Huai'an, Xuzhou, Lianyungang, Linyi, Suzhou…1,010,000Suqian
98%
Chine33.648453116.96220183Huaibei, Xuzhou, Bengbu, Huainan, Suqian…1,000,000Suzhou
98%
Chine36.19999839117.120075680Jinan, Jining, Zibo, Tengzhou, Linyi…1,370,000Tai'an
98%
Chine32.4904057119.900009385Yangzhou, Zhenjiang, Jiangyin, Changzhou, Nantong…2,225,000Taizhou
98%
Chine39.62433718118.19437769Tianjin, Qinhuangdao, Beijing, Baoding, Jinzhou…2,700,000Tangshan
98%
Chine35.098576117.16926983Jining, Xuzhou, Linyi, Tai'an, Huaibei…1,000,000Tengzhou
98%
Chine39.13002626117.200019170Tangshan, Beijing, Baoding, Qinhuangdao, Shijiazhuang…12,700,000Tianjin
98%
Canada43.69997988-79.4200207923Buffalo, Cleveland, Detroit, Ottawa, Pittsburgh…7,300,000Toronto
98%
Espagne39.48501752-0.40001204618Madrid, Barcelone, Oran, Alger, Málaga…1,760,000Valence
98%
États-Unis36.85321433-75.9783187324Richmond, Washington, Raleigh, Greensboro, Philadelphie…1,620,000Virginia Beach
98%
États-Unis38.89954938-77.0094185824Harrisburg, Richmond, Philadelphie, Virginia Beach, Pittsburgh…8,500,000Washington
98%
Chine36.7204059119.100109880Zibo, Qingdao, Rizhao, Tai'an, Jinan…1,880,000Weifang
98%
Chine37.512827122.12554677Yantai, Dalian, Qingdao, Weifang, Rizhao…1,160,000Weihai
98%
Chine31.3504236118.369973582Ma'anshan, Nanjing, Hefei, Zhenjiang, Yangzhou…1,350,000Wuhu
98%
Chine31.57999615120.299984988Changzhou, Jiangyin, Changshu, Nantong, Taizhou…3,175,000Wuxi
98%
Chine32.01999514112.130044385Nanyang, Yichang, Jingzhou, Wuhan, Luoyang…1,760,000Xiangyang
98%
Chine37.04997235114.500028874Handan, Anyang, Shijiazhuang, Taiyuan, Xinxiang…1,410,000Xingtai
98%
Chine35.32043968113.869989881Jiaozuo, Zhengzhou, Kaifeng, Anyang, Luoyang…1,410,000Xinxiang
98%
Chine34.28001223117.180020388Huaibei, Suzhou, Tengzhou, Suqian, Jining…2,725,000Xuzhou
98%
Chine33.3855556120.125277889Taizhou, Huai'an, Yangzhou, Zhenjiang, Lianyungang…1,380,000Yancheng
98%
Chine32.39999778119.430012284Zhenjiang, Taizhou, Nanjing, Changzhou, Jiangyin…1,850,000Yangzhou
98%
Chine37.53040814121.400021176Weihai, Dalian, Qingdao, Weifang, Rizhao…2,125,000Yantai
98%
Chine34.75499615113.665092783Kaifeng, Xinxiang, Jiaozuo, Luoyang, Anyang…5,400,000Zhengzhou
98%
Chine32.21998293119.430012284Yangzhou, Taizhou, Nanjing, Changzhou, Jiangyin…1,110,000Zhenjiang
98%
Chine36.79998761118.04999377Weifang, Jinan, Tai'an, Linyi, Rizhao…3,400,000Zibo
98%
Algerie36.76306483.0505525315Oran, Valence, Barcelone, Tunis, Málaga…3,825,000Alger
97%
Brésil-19.91502602-43.915004529Rio de Janeiro, Vitória, Campinas, São Paulo, Santos…5,000,000Belo Horizonte
97%
Brésil-15.78334023-47.916052297Goiânia, Belo Horizonte, Campinas, São Paulo, Santos…3,975,000Brasília
97%
Corée du sud35.09505292129.010047649Changwon, Ulsan, Daegu, Gwangju, Daejeon…4,175,000Busan
97%
Brésil-22.90001178-47.100029759São Paulo, Santos, Curitiba, Rio de Janeiro, Belo Horizonte…3,125,000Campinas
97%
Maroc33.59997622-7.61636743312Rabat, Marrakech, Fès, Tanger, Agadir…4,325,000Casablanca
97%
Maroc34.05459963-5.00037723913Rabat, Tanger, Casablanca, Málaga, Seville…1,240,000Fès
97%
Japon33.59501528130.410013833Kitakyushu, Kumamoto, Hiroshima, Busan, Ulsan…2,700,000Fukuoka
97%
Brésil-16.72002724-49.300024667Brasília, Belo Horizonte, Campinas, São Paulo, Santos…2,300,000Goiânia
97%
Finlande60.1755633724.934126347Saint Petersbourg, Stockholm, Minsk, Oslo, Copenhague…1,270,000Helsinki
97%
Ukraine50.4333673330.5166279713Dnipro, Kharkiv, Minsk, Odessa, Donetsk…3,450,000Kiev
97%
Japon33.87039899130.820014629Fukuoka, Kumamoto, Hiroshima, Busan, Ulsan…2,050,000Kitakyushu
97%
Japon32.80092938130.70064229Fukuoka, Kitakyushu, Hiroshima, Busan, Ulsan…1,160,000Kumamoto
97%
Portugal38.72272288-9.14486630513Porto, Seville, Tanger, Málaga, Madrid…2,550,000Lisbonne
97%
Espagne36.7204059-4.41999922816Seville, Tanger, Fès, Oran, Rabat…1,020,000Málaga
97%
États-Unis26.20303754-98.2297253816Monterrey, San Antonio, Austin, Houston, Torreón…1,300,000McAllen
97%
Mexique25.66999514-100.329984817McAllen, Torreón, San Luis Potosí, San Antonio, Aguascalientes…4,825,000Monterrey
97%
Portugal41.15000633-8.62000126313Lisbonne, Madrid, Seville, Málaga, Tanger…1,150,000Porto
97%
Mexique19.04995994-98.2000372713Mexico, Cuernavaca, Toluca, Querétaro, León…3,075,000Puebla
97%
Maroc34.02529909-6.8361308213Casablanca, Fès, Tanger, Marrakech, Málaga…1,980,000Rabat
97%
Brésil-22.92502317-43.225020798Santos, Belo Horizonte, São Paulo, Campinas, Vitória…12,800,000Rio de Janeiro
97%
Brésil-23.95372393-46.332942669São Paulo, Campinas, Rio de Janeiro, Curitiba, Belo Horizonte…1,710,000Santos
97%
Brésil-23.55867959-46.625019989Santos, Campinas, Curitiba, Rio de Janeiro, Belo Horizonte…22,100,000São Paulo
97%
Espagne37.40501528-5.98000736616Málaga, Tanger, Lisbonne, Fès, Rabat…1,330,000Seville
97%
Maroc35.76727-5.7997514Málaga, Seville, Fès, Rabat, Casablanca…1,080,000Tanger
97%
Mexique25.57005292-103.420002916Monterrey, Aguascalientes, San Luis Potosí, León, McAllen…1,330,000Torreón
97%
Corée du Sud35.54673077129.316953947Busan, Daegu, Changwon, Daejeon, Gwangju…1,120,000Ulsan
97%
Brésil-20.32399331-40.365996347Belo Horizonte, Rio de Janeiro, Santos, São Paulo, Campinas…1,840,000Vitória
97%
Mexique21.87945992-102.290413512León, San Luis Potosí, Guadalajara, Querétaro, Toluca…1,120,000Aguascalientes
96%
États-Unis33.83001385-84.3999493825Nashville, Charlotte, Jacksonville, Greensboro, Louisville…5,700,000Atlanta
96%
Mexique18.92110476-99.2399996411Mexico , Toluca, Puebla, Querétaro, León…1,020,000Cuernavaca
96%
Ukraine48.4799723535.0000235613Kharkiv, Donetsk, Rostov, Kiev, Odessa…1,360,000Dnipro
96%
Mexique20.67001609-103.330034211Aguascalientes, León, San Luis Potosí, Querétaro, Toluca…5,150,000Guadalajara
96%
Mexique21.1499868-101.700030412Aguascalientes, San Luis Potosí, Querétaro, Guadalajara, Toluca…1,870,000León
96%
Mexique19.44244244-99.130988211Toluca, Cuernavaca, Puebla, Querétaro, León…22,600,000Mexico
96%
Russie55.7521641237.6155228314Nizhny Novgorod, Voronezh, Saint Petersburg, Kharkiv, Minsk…17,000,000Moscou
96%
Mexique20.63001853-100.379981712León, Toluca, San Luis Potosí, Mexico, Cuernavaca…1,360,000Querétaro
96%
Russie59.9390145130.316020065Helsinki, Moscou, Stockholm, Minsk, Nizhny Novgorod5,550,000Saint Petersbourg
96%
Mexique22.16997622-100.999995613León, Aguascalientes, Querétaro, Guadalajara, Toluca…1,190,000San Luis Potosí
96%
Mexique19.3303821-99.6699992311Mexico, Cuernavaca, Puebla, Querétaro, León…2,225,000Toluca
96%
Turquie36.8899821230.6999759519Konya, Izmir, Ankara, Bursa, Adana…1,240,000Antalya
95%
Serbie44.8186454520.4679906820Budapest, Sofia, Bucarest, Vienne, Katowice…1,410,000Belgrade
95%
États-Unis41.82999066-87.7500549720Milwaukee, Indianapolis, Detroit, Cincinnati, Saint Louis…9,750,000Chicago
95%
Ukraine48.0000016537.8299800213Rostov, Dnipro, Kharkiv, Voronezh, Volgograd…1,450,000Donetsk
95%
Japon34.3878351132.44291320Okayama, Kitakyushu, Fukuoka, Kumamoto, Osaka…1,890,000Hiroshima
95%
États-Unis39.74998842-86.1700480624Cincinnati, Louisville, Chicago, Columbus, Saint Louis…1,950,000Indianapolis
95%
Ukraine49.9999829336.2500247812Dnipro, Donetsk, Voronezh, Rostov, Kiev…1,630,000Kharkiv
95%
Turquie37.8750124332.4750097221Antalya, Ankara, Adana, Kayseri, Bursa…1,280,000Konya
95%
États-Unis36.20999778-115.220006112Los Angeles, Mexicali, Phoenix, San Diego, Tijuana…2,200,000Las Vegas
95%
États-Unis33.98997825-118.17998059San Diego, Tijuana, Mexicali, Las Vegas, Stockton…17,700,000Los Angeles
95%
États-Unis38.22501691-85.7487042726Cincinnati, Indianapolis, Nashville, Columbus, Saint Louis…1,050,000Louisville
95%
Mexique32.64998252-115.480016111Tijuana, San Diego, Los Angeles, Phoenix, Las Vegas…1,030,000Mexicali
95%
Japon35.15499758136.914991419Hamamatsu, Shizuoka, Osaka, Fuji, Tokyo…10,500,000Nagoya
95%
Russie56.3330072244.0000943610Kazan, Moscou, Samara, Saratov, Voronezh…1,740,000Nizhny Novgorod
95%
Japon34.67202964133.917086519Hiroshima, Osaka, Nagoya, Kitakyushu, Fukuoka…2,200,000Okayama
95%
Japon34.75003522135.460144819Nagoya, Okayama, Hamamatsu, Shizuoka, Hiroshima…17,700,000Osaka
95%
Russie47.2346478539.712655813Donetsk, Dnipro, Volgograd, Kharkiv, Voronezh…1,290,000Rostov
95%
États-Unis38.57502138-121.47003819Stockton, San Francisco, Los Angeles, Las Vegas, San Diego…2,050,000Sacramento
95%
États-Unis40.7750163-111.93005199Las Vegas, Denver, Phoenix, Sacramento, Stockton…2,350,000Salt Lake City
95%
États-Unis32.82002382-117.17998999Tijuana, Los Angeles, Mexicali, Las Vegas, Phoenix…3,325,000San Diego
95%
États-Unis37.74000775-122.45997779Stockton, Sacramento, Los Angeles, Las Vegas, San Diego…7,800,000San Francisco
95%
États-Unis37.95813397-121.28973910Sacramento, San Francisco, Los Angeles, Las Vegas, San Diego…1,230,000Stockton
95%
Mexique32.50001752-117.0799968San Diego, Mexicali, Los Angeles, Las Vegas, Phoenix…1,920,000Tijuana
95%
Russie51.7299806939.2699954813Kharkiv, Donetsk, Moscou, Saratov, Dnipro…1,050,000Voronezh
95%
Turquie36.9949886335.3200040322Gaziantep, Alep, Kayseri, Konya, Beyrouth…1,720,000Adana
94%
Syrie36.2299707237.170020322Gaziantep, Adana, Beyrouth, Damas, Kayseri…2,050,000Alep
94%
Chine38.87042971115.480020768Shijiazhuang, Pékin, Tianjin, Xingtai, Zhangjiakou…1,790,000Baoding
94%
Chine40.65220725109.822019837Hohhot, Datong, Taiyuan, Yinchuan, Zhangjiakou…2,150,000Baotou
94%
Liban33.8719751235.5097082119Damas, Tel Aviv-Jaffa, Amman, Gaza, Alep...1,750,000Beyrouth
94%
Inde21.216666781.433333340Nagpur, Jabalpur, Vishakhapatnam, Ranchi, Bhubaneswar…2,725,000Bhilai
94%
Roumanie44.433371826.0999466518Sofia, Odessa, Istanbul, Belgrade, Bursa…2,200,000Bucarest
94%
Danemark55.6785641912.5634857530Hambourg, Berlin, Hanovre, Oslo, Stockholm…1,650,000Copenhague
94%
Japon35.15138.67416Shizuoka, Hamamatsu, Tokyo, Nagoya, Osaka…1,000,000Fuji
94%
Turquie37.0749837437.3849942622Alep, Adana, Kayseri, Beyrouth, Damas…1,660,000Gaziantep
94%
Japon34.71807334137.732719318Shizuoka, Nagoya, Fuji, Osaka, Tokyo…1,320,000Hamamatsu
94%
Chine40.81997479111.659995549Baotou, Datong, Zhangjiakou, Taiyuan, Shijiazhuang…1,810,000Hohhot
94%
Inde26.2917659773.0167728340Jaipur, Kotā, Ahmedabad, Vadodara, Multan…1,400,000Jodhpur
94%
Russie55.7499420449.1263447710Samara, Nizhny Novgorod, Ufa, Perm, Saratov…1,250,000Kazan
94%
Inde21.1699597479.0899938541Jabalpur, Bhilai, Bhopal, Indore, Aurangabad…3,150,000Nagpur
94%
Chine39.92889223116.388285765Tianjin, Baoding, Tangshan, Zhangjiakou, Datong…20,000,000Pékin
94%
Italie41.8959556312.4832584221Naples, Milan, Turin, Tunis, Marseille…3,600,000Rome
94%
Russie53.1950075550.1512951211Kazan, Saratov, Ufa, Nizhny Novgorod, Volgograd…1,320,000Samara
94%
Russie51.5799898546.029996312Samara, Volgograd, Voronezh, Kazan, Nizhny Novgorod…1,090,000Saratov
94%
Japon38.28710614141.02171759Tokyo, Fuji, Shizuoka, Hamamatsu, Nagoya…1,510,000Sendai
94%
Japon34.98583478138.385392616Fuji, Hamamatsu, Nagoya, Tokyo, Osaka…1,150,000Shizuoka
94%
Bulgarie42.6833494323.3166540115Bucarest, Belgrade, Istanbul, Athènes, Bursa…1,300,000Sofia
94%
Chine37.87501243112.545057768Shijiazhuang, Xingtai, Handan, Anyang, Datong…4,075,000Taiyuan
94%
Japon35.68501691139.751407414Fuji, Shizuoka, Hamamatsu, Nagoya, Sendai…39,900,000Tokyo
94%
Russie48.7100099944.4999604912Saratov, Rostov, Donetsk, Voronezh, Kharkiv…1,410,000Volgograd
94%
Chine34.27502545108.894996363Baoji, Luoyang, Nanyang, Wanzhou, Xiangyang…6,750,000Xi'an
94%
Inde23.0300529272.5800036238Vadodara, Rajkot, Surat, Indore, Nashik…8,000,000Ahmedabad
93%
Turquie39.9272385932.8643916423Konya, Kayseri, Bursa, Istanbul, Antalya…4,850,000Ankara
93%
Chine41.11502138122.940030551Benxi, Yingkou, Shenyang, Jinzhou, Dalian…2,525,000Anshan
93%
Inde19.8956964375.3203014736Nashik, Pune, Solapur, Mumbai, Surat…1,700,000Aurangabad
93%
Chine41.33038291123.750006945Shenyang, Anshan, Yingkou, Jinzhou, Pyongyang…1,070,000Benxi
93%
Inde23.2499878177.4099930446Indore, Jabalpur, Kotā, Nagpur, Gwalior…2,300,000Bhopal
93%
Hongrie47.5000063319.0833206825Vienne, Katowice, Belgrade, Prague, Varsovie…2,575,000Budapest
93%
Turquie40.199986829.0699979216Istanbul, Izmir, Ankara, Konya, Antalya…2,025,000Bursa
93%
Chine43.86500856125.339987329Jilin, Harbin, Shenyang, Daqing, Benxi…3,650,000Changchun
93%
Chine42.27001548118.949989850Jinzhou, Qinhuangdao, Tangshan, Yingkou, Pékin…1,080,000Chifeng
93%
Brésil-25.420013-49.31999768São Paulo, Santos, Campinas, Porto Alegre, Rio de Janeiro…3,350,000Curitiba
93%
Chine40.08001996113.299998753Zhangjiakou, Hohhot, Baoding, Shijiazhuang, Taiyuan…1,600,000Datong
93%
Inde26.229986878.1800752345Agra, Alīgarh, Kanpur, Jaipur, Kotā…1,350,000Gwalior
93%
Pakistan25.37998768.3749889725Karachi, Rajkot, Jodhpur, Ahmedabad, Quetta…2,150,000Hyderabad
93%
Inde22.7150592275.8650227441Bhopal, Kotā, Vadodara, Aurangabad, Ahmedabad…3,025,000Indore
93%
Turquie41.1049961529.0100015916Bursa, Izmir, Ankara, Bucarest, Konya…14,800,000Istanbul
93%
Turquie38.4361496827.1517940118Bursa, Athènes, Istanbul, Antalya, Konya…3,000,000Izmir
93%
Inde23.1750569979.9550573341Nagpur, Bhopal, Bhilai, Allahabad, Kanpur…1,440,000Jabalpur
93%
Inde26.9211332475.8099873442Kotā, Agra, New Delhi, Alīgarh, Gwalior…3,750,000Jaipur
93%
Chine43.84997072126.550042725Changchun, Harbin, Daqing, Shenyang, Benxi…1,520,000Jilin
93%
Chine41.12036989121.100039459Yingkou, Anshan, Qinhuangdao, Shenyang, Chifeng…1,050,000Jinzhou
93%
Inde25.1799992175.8349987443Jaipur, Gwalior, Bhopal, Indore, Jodhpur…1,300,000Kotā
93%
Italie40.8400252514.2450113517Rome, Tunis, Sousse, Milan, Belgrade…4,225,000Naples
93%
États-Unis36.16997438-86.7799849926Louisville, Memphis, Atlanta, Cincinnati, Indianapolis…1,430,000Nashville
93%
États-Unis33.53997988-112.069991710Mexicali, Las Vegas, Tijuana, San Diego, El Paso…4,500,000Phoenix
93%
Inde22.3100193570.8000089125Ahmedabad, Surat, Vadodara, Nashik, Hyderabad…1,770,000Rajkot
93%
Japon43.07497927141.34004436Sendai, Tokyo, Fuji, Shizuoka, Nagoya…2,500,000Sapporo
93%
Chine41.80497927123.449973546Benxi, Anshan, Yingkou, Jinzhou, Changchun…7,850,000Shenyang
93%
Tunisie35.8299951410.625025597Tunis, Tripoli, Naples, Alger, Rome…1,090,000Sousse
93%
Inde21.1999837472.8400394327Vadodara, Nashik, Ahmedabad, Mumbai, Rajkot…6,300,000Surat
93%
Tunisie36.8027781410.179678111Sousse, Tripoli, Naples, Rome, Alger…2,575,000Tunis
93%
Inde22.3100193573.1800186833Ahmedabad, Surat, Rajkot, Nashik, Indore…2,125,000Vadodara
93%
Autriche48.2000152816.3666389628Budapest, Prague, Katowice, Munich, Nuremberg…2,225,000Vienne
93%
Chine38.46797365106.273037532Lanzhou, Baotou, Xining, Baoji, Xi'an…1,470,000Yinchuan
93%
Chine40.671116122.22889360Anshan, Jinzhou, Benxi, Shenyang, Dalian…1,000,000Yingkou
93%
Chine40.83000002114.929976852Pékin, Datong, Baoding, Tianjin, Hohhot…1,280,000Zhangjiakou
93%
Jordanie31.9500252535.9332999317Tel Aviv-Jaffa, Gaza, Damas, Beyrouth, Alep…5,300,000Amman
92%
Grèce37.9833262323.7333210811Izmir, Bursa, Sofia, Istanbul, Antalya…3,375,000Athènes
92%
États-Unis26.56285-81.9495310Tampa, Miami, Melbourne, Orlando, La Havane…1,060,000Cape Coral
92%
Syrie33.50003436.2999958918Beyrouth, Amman, Tel Aviv-Jaffa, Gaza, Alep…3,675,000Damas
92%
Etat de Palestine31.5299992134.4450186816Tel Aviv-Jaffa, Amman, Beyrouth, Damas, Le Caire…1,910,000Gaza
92%
Chine26.88002464112.590016275Xiangtan, Zhuzhou, Shaoyang, Pingxiang, Changsha…1,710,000Hengyang
92%
États-Unis30.33002077-81.6699868216Orlando, Melbourne, Tampa, Cape Coral, Atlanta…1,390,000Jacksonville
92%
Taiwan22.63330711120.266601933Tainan, Taichung, Taipei, Xiamen, Putian…2,800,000Kaohsiung
92%
États-Unis28.08331036-80.6083203511Orlando, Tampa, Cape Coral, Miami, Jacksonville…1,170,000Melbourne
92%
États-Unis25.7876107-80.224106087Cape Coral, Melbourne, Orlando, Tampa, La Havane…6,250,000Miami
92%
États-Unis28.50997683-81.3800303612Melbourne, Tampa, Jacksonville, Cape Coral, Miami…3,275,000Orlando
92%
Brésil-30.05001463-51.200012058Curitiba, Montevideo, Asunción, Santos, Buenos Aires…4,100,000Porto Alegre
92%
Taiwan23.00000307120.200042737Kaohsiung, Taichung, Taipei, Xiamen, Putian…1,300,000Tainan
92%
États-Unis27.94698793-82.4586208512Orlando, Cape Coral, Melbourne, Jacksonville, Miami…4,200,000Tampa
92%
Israël32.0799914734.7700117618Gaza, Amman, Beyrouth, Damas, Le Caire…2,625,000Tel Aviv-Jaffa
92%
Chine34.38000612107.149986550Xi'an, Lanzhou, Mianyang, Nanchong, Wanzhou…1,120,000Baoji
91%
Chine27.52120.4262Wenzhou, Yiwu, Fuzhou, Putian, Ningbo…1,100,000Cangnan
91%
Chine28.19996991112.96999383Xiangtan, Zhuzhou, Pingxiang, Hengyang, Changde…4,550,000Changsha
91%
Argentine-31.39995807-64.182294568Rosario, Mendoza, San Miguel de Tucumán, Buenos Aires, Santiago…1,640,000Córdoba
91%
Chine26.07999595119.300045957Putian, Cangnan, Xiamen, Wenzhou, Taichung…4,150,000Fuzhou
91%
Chine25.834555114.9322865Pingxiang, Hengyang, Zhuzhou, Xiangtan, Qingyuan…1,330,000Ganzhou
91%
Chine28.67999229115.879996383Pingxiang, Wuhan, Zhuzhou, Changsha, Xiangtan…4,075,000Nanchang
91%
Chine27.625711113.85126681Zhuzhou, Xiangtan, Changsha, Hengyang, Ganzhou…1,030,000Pingxiang
91%
Chine25.43034568119.020011458Fuzhou, Xiamen, Taichung, Taipei, Cangnan…1,470,000Putian
91%
Argentine-32.95112954-60.666307628Buenos Aires, Córdoba, Montevideo, Mendoza, San Miguel de Tucumán…1,350,000Rosario
91%
Chine23.37000633116.670025645Xiamen, Huizhou, Hong Kong, Ganzhou, Putian…7,700,000Shantou
91%
Suède59.3507599518.097334739Helsinki, Oslo, Copenhague, Saint Petersbourg, Varsovie…2,150,000Stockholm
91%
Taiwan24.15207745120.68166742Taipei, Tainan, Kaohsiung, Putian, Fuzhou…2,400,000Taichung
91%
Taiwan25.03583333121.568333344Taichung, Fuzhou, Putian, Tainan, Kaohsiung…9,100,000Taipei
91%
Chine28.0199809120.650092766Cangnan, Yiwu, Ningbo, Cixi, Hangzhou…5,300,000Wenzhou
91%
Chine30.58003135114.27001786Jingzhou, Xiangyang, Nanchang, Yichang, Changsha…8,700,000Wuhan
91%
Chine24.44999208118.08001752Putian, Shantou, Fuzhou, Taichung, Tainan…9,800,000Xiamen
91%
Chine27.85043052112.900023281Zhuzhou, Changsha, Pingxiang, Hengyang, Shaoyang…1,460,000Xiangtan
91%
Chine29.12004295119.649998775Hangzhou, Wenzhou, Cangnan, Cixi, Ningbo…1,600,000Yiwu
91%
China27.82999249113.150033781Xiangtan, Changsha, Pingxiang, Hengyang, Shaoyang…1,190,000Zhuzhou
91%
Egypte31.2000193529.9499958914Le Caire, Gaza, Tel Aviv-Jaffa, Amman, Beyrouth…5,850,000Alexandrie
90%
Chine29.033824111.69959981Jingzhou, Changsha, Xiangtan, Yichang, Zhuzhou…1,110,000Changde
90%
Chine30.337345112.23323485Yichang, Changde, Xiangyang, Wuhan, Changsha…1,120,000Jingzhou
90%
Pologne50.2603804719.0200170523Varsovie, Vienne, Budapest, Prague, Berlin…2,375,000Katowice
90%
Cuba23.13195884-82.364182177Miami, Cape Coral, Tampa, Melbourne, Orlando…2,225,000La Havane
90%
Argentine-32.88333006-68.816611176Santiago, Valparaíso, Córdoba, San Miguel de Tucumán, Rosario…1,070,000Mendoza
90%
Pologne52.2500006320.9999995522Katowice, Minsk, Prague, Berlin, Budapest…2,300,000Varsovie
90%
Chine30.69997235111.280018786Jingzhou, Xiangyang, Changde, Wanzhou, Nanyang…1,250,000Yichang
90%
Inde25.4549953481.8400068840Varanasi, Lucknow, Kanpur, Jabalpur, Patna…1,420,000Allahabad
89%
Nepal27.7166919185.3166422130Patna, Varanasi, Allahabad, Lucknow, Dhanbad…2,950,000Katmandou
89%
Egypte30.0499603531.2499682211Alexandrie, Gaza, Tel Aviv-Jaffa, Amman, Beyrouth…18,200,000Le Caire
89%
États-Unis35.1199868-89.9999951618Nashville, Saint Louis, Louisville, Atlanta, La Nouvelle Orléans…1,150,000Memphis
89%
Inde25.6249591385.1300386131Varanasi, Kathmandu, Dhanbad, Ranchi, Āsansol…2,575,000Patna
89%
États-Unis38.63501772-90.2399805119Indianapolis, Kansas City, Memphis, Louisville, Nashville…2,350,000Saint Louis
89%
Inde25.3299900583.0000394335Allahabad, Patna, Lucknow, Kanpur, Ranchi…1,860,000Varanasi
89%
Chine31.30047833120.62001787Wuxi, Jiangyin, Shanghai, Changzhou, Nantong…1,050,000Changshu
88%
Chine30.17121.2680Ningbo, Hangzhou, Shanghai, Changshu, Wuxi…1,970,000Cixi
88%
Inde26.459998680.319996340Lucknow, Allahabad, Gwalior, Bareilly, Agra…3,375,000Kanpur
88%
Koweït29.3697176347.9783011517Bassorah, Ahvaz, Dammam, Manama, Shiraz…4,475,000Koweït
88%
États-Unis29.99500246-90.0399668816Houston, Memphis, Atlanta, Dallas, Austin…1,010,000La Nouvelle Orléans
88%
Inde26.8550390880.9149987439Kanpur, Allahabad, Bareilly, Varanasi, Gwalior…3,525,000Lucknow
88%
Maroc31.6299931-7.9999874289Agadir, Casablanca, Rabat, Fès, Tanger…1,110,000Marrakech
88%
États-Unis43.05265505-87.9199670816Chicago, Indianapolis, Detroit, Minneapolis, Cincinnati…1,550,000Milwaukee
88%
Irak36.3450024643.1450044323Kirkouk, Tabriz, Bagdad, Erevan, Gaziantep…1,400,000Mossoul
88%
Chine29.87997072121.550037877Cixi, Hangzhou, Shanghai, Changshu, Yiwu…3,200,000Ningbo
88%
Ukraine46.490016330.7100011819Dnipro, Bucarest, Kiev, Donetsk, Kharkiv…1,100,000Odessa
88%
Chine31.21645245121.436504785Changshu, Nantong, Wuxi, Cixi, Jiangyin…29,500,000Shanghai
88%
Iran29.6299601452.5700105415Ispahan, Ahvaz, Manama, Dammam, Koweït…1,700,000Shiraz
88%
Maroc30.43998822-9.6200435818Marrakech, Casablanca, Rabat, Fès, Tanger…1,150,000Agadir
87%
Iran31.2799886348.7200129816Bassorah, Koweït, Ispahan, Shiraz, Qom…1,320,000Ahvaz
87%
Colombie10.95998863-74.7999668813Carthagène, Maracaibo, Bucaramanga, Medellín, Panama …2,050,000Barranquilla
87%
Irak30.5135237847.8135566816Ahvaz, Koweït, Ispahan, Bagdad, Shiraz…1,440,000Bassorah
87%
Colombie4.596423563-74.0833439612Medellín, Cali, Bucaramanga, Carthagène, Barranquilla…9,650,000Bogotá
87%
Colombie7.1300932-73.1258830211Medellín, Bogotá, Maracaibo, Carthagène, Barranquilla…1,150,000Bucaramanga
87%
Argentine-34.60250161-58.397531375Montevideo, Rosario, Córdoba, Porto Alegre, Mendoza16,100,000Buenos Aires
87%
Colombie3.399959126-76.499966479Bogotá, Medellín, Quito, Bucaramanga, Panama …3,000,000Cali
87%
Colombie10.39973859-75.5143935613Barranquilla, Maracaibo, Bucaramanga, Medellín, Panama ...1,110,000Carthagène
87%
Nigeria7.3800262643.92998205418Lagos, Ilorin, Cotonou, Benin City, Lomé…3,350,000Ibadan
87%
États-Unis39.10708851-94.6040942212Saint Louis, Oklahoma City, Memphis, Chicago, Minneapolis…1,950,000Kansas City
87%
Nigeria6.4432616533.39153107118Cotonou, Ibadan, Lomé, Benin City, Ilorin…18,200,000Lagos
87%
Venezuela10.72997683-71.6599776613Barquisimeto, Barranquilla, Valence, Carthagène, Bucaramanga…2,575,000Maracaibo
87%
Colombie6.275003274-75.5750100111Bogotá, Bucaramanga, Cali, Carthagène, Barranquilla…3,900,000Medellín
87%
Uruguay-34.85804157-56.171052294Buenos Aires, Rosario, Porto Alegre, Córdoba1,840,000Montevideo
87%
Norvège59.9166902910.7499792111Stockholm, Copenhague, Hambourg, Helsinki, Berlin…1,170,000Oslo
87%
Pakistan34.0050160971.5350028121Rawalpindi, Kabul, Srinagar, Gujranwala, Faisalabad…2,200,000Peshawar
87%
Pakistan33.5999762273.0400272223Peshawar, Srinagar, Gujranwala, Faisalabad, Lahore…3,275,000Rawalpindi
87%
Inde34.0999715474.8150093226Rawalpindi, Gujranwala, Amritsar, Lahore, Peshawar…1,530,000Srinagar
87%
Cameroun3.86670066211.5166507617Douala, Aba, Port Harcourt, Onitsha, Benin City…3,150,000Yaoundé
87%
Irak33.338648544.3938687724Kirkouk, Mossoul, Bassorah, Ahvaz, Tabriz…6,950,000Bagdad
86%
Inde30.7199969776.7800056533Ludhiana, Jalandhar, Amritsar, Meerut, New Delhi…2,200,000Chandigarh
86%
Pakistan31.4099806973.1099971128Lahore, Gujranwala, Amritsar, Multan, Jalandhar…3,475,000Faisalabad
86%
Chine23.1449813113.325010139Qingyuan, Zhuhai, Huizhou, Hong Kong, Maoming…45,600,000Guangzhou
86%
Vietnam21.03332725105.850014220Nanning, Zhanjiang, Haikou, Liuzhou, Maoming…3,825,000Hanoi
86%
Chine22.3049809114.185009336Zhuhai, Huizhou, Guangzhou, Qingyuan, Shantou…7,350,000Hong Kong
86%
Chine23.07997235114.399983338Hong Kong, Guangzhou, Zhuhai, Qingyuan, Shantou…2,750,000Huizhou
86%
Turquie38.7349599435.4900194921Adana, Gaziantep, Ankara, Konya, Alep…1,110,000Kayseri
86%
Ghana6.689990864-1.63001448713Accra, Abidjan, Lomé, Cotonou, Lagos…2,950,000Kumasi
86%
Inde30.9277620675.8722574533Jalandhar, Chandigarh, Amritsar, Lahore, Gujranwala…1,910,000Ludhiana
86%
Pakistan30.1999770371.4550076931Faisalabad, Lahore, Gujranwala, Amritsar, Rawalpindi…2,000,000Multan
86%
Burkina Faso12.37031598-1.52472375611Niamey, Kumasi, Bamako, Lomé, Accra…2,425,000Ouagadougou
86%
États-Unis45.52002382-122.67999016Seattle, Vancouver, Sacramento, Stockton, San Francisco…2,375,000Portland
86%
Chine23.7003996113.030092741Guangzhou, Huizhou, Zhuhai, Hong Kong, Maoming…1,030,000Qingyuan
86%
Chine22.2769444113.567777836Hong Kong, Guangzhou, Huizhou, Qingyuan, Maoming…1,520,000Zhuhai
86%
Cote d'ivoire5.319996967-4.040048269Kumasi, Accra, Lomé, Cotonou, Monrovia…5,350,000Abidjan
85%
Inde31.6399924974.8699930429Lahore, Jalandhar, Gujranwala, Ludhiana, Faisalabad…1,350,000Amritsar
85%
Inde12.9699951477.5600097220Mysore, Salem, Tiruppur, Coimbatore, Tiruchirappalli…11,500,000Bangalore
85%
Canada51.08299176-114.07999824Edmonton, Vancouver, Seattle, Portland1,470,000Calgary
85%
Inde11.26294475.77241718Coimbatore, Kochi, Mysore, Tiruppur, Salem…1,000,000Calicut
85%
Corée du sud35.21910219128.58356250Busan, Daegu, Ulsan, Gwangju, Daejeon…1,060,000Changwon
85%
Inde10.9999603576.9500211217Tiruppur, Calicut, Kochi, Mysore, Salem…2,575,000Coimbatore
85%
Corée du Sud35.86678876128.606971448Changwon, Ulsan, Busan, Daejeon, Gwangju…2,725,000Daegu
85%
Corée du sud36.33554567127.42502858Daegu, Gwangju, Seoul, Changwon, Ulsan…1,570,000Daejeon
85%
Arabie Saoudite26.4281917550.0996703713Manama, Doha, Koweït, Riyad, Shiraz…2,375,000Dammam
85%
Pakistan32.1604258474.1850219325Lahore, Amritsar, Faisalabad, Jalandhar, Rawalpindi…2,600,000Gujranwala
85%
Corée du sud35.1709656126.910434165Daejeon, Changwon, Daegu, Busan, Ulsan…1,600,000Gwangju
85%
Nigeria8.478314.54740217Ibadan, Lagos, Benin City, Cotonou, Abuja…1,010,000Ilorin
85%
Indonesie-6.174417705106.829437613Serang, Bandung, Bandar Lampung, Semarang, Palembang…30,300,000Jakarta
85%
Inde31.3349206775.5690201430Ludhiana, Amritsar, Lahore, Chandigarh, Gujranwala…1,080,000Jalandhar
85%
Pakistan31.5599715474.3500247829Amritsar, Gujranwala, Jalandhar, Faisalabad, Ludhiana…12,200,000Lahore
85%
Bahreïn26.2361362950.5830517213Dammam, Doha, Riyad, Shiraz, Abou Dabi…1,470,000Manama
85%
Australie-37.82003131144.97501622Adelaide, Sydney4,550,000Melbourne
85%
Inde19.0169903872.856989327Pune, Nashik, Surat, Aurangabad, Solapur…24,200,000Mumbai
85%
Inde12.3099837476.6600129819Bangalore, Coimbatore, Calicut, Tiruppur, Salem…1,170,000Mysore
85%
Inde20.0004187273.7799820528Mumbai, Aurangabad, Pune, Surat, Vadodara…1,960,000Nashik
85%
États-Unis35.47004295-97.5186835112Dallas, Kansas City, Austin, Houston, San Antonio…1,130,000Oklahoma City
85%
Panama8.96801719-79.533037159Carthagène, San José, Medellín, Barranquilla, Cali…1,530,000Panama
85%
Inde18.5300175273.8500036230Mumbai, Nashik, Aurangabad, Solapur, Surat…6,500,000Pune
85%
Arabie saoudite24.6408331546.7727416613Dammam, Manama, Doha, Koweït, Bassorah…7,400,000Riyad
85%
Inde11.6699969778.1800752318Tiruchirappalli, Tiruppur, Coimbatore, Bangalore, Mysore…1,070,000Salem
85%
États-Unis47.57000205-122.3399854Vancouver, Portland, Calgary, Edmonton4,275,000Seattle
85%
Australie-33.92001097151.18517982Melbourne, Brisbane5,000,000Sydney
85%
Canada49.27341658-123.12164424Seattle, Portland, Calgary, Edmonton2,725,000Vancouver
85%
Ghana5.550034606-0.2167157414Lomé, Kumasi, Cotonou, Lagos, Abidjan…5,100,000Accra
84%
Inde27.1704203578.0150207142Alīgarh, Gwalior, New Delhi, Bareilly, Morādābād…2,175,000Agra
84%
Inde27.8922109278.0617878840Agra, New Delhi, Morādābād, Meerut, Bareilly…1,170,000Alīgarh
84%
Inde28.3453873979.4199995537Morādābād, Alīgarh, Meerut, Agra, New Delhi…1,240,000Bareilly
84%
Indonesie1.056104.04210Singapour, Pekanbaru, Kuala Lumpur, Palembang, George Town…1,330,000Batam
84%
Benin6.4000085642.51999059917Lagos, Lomé, Ibadan, Accra, Ilorin…1,710,000Cotonou
84%
Chine25.2799931110.28002839Liuzhou, Shaoyang, Hengyang, Qingyuan, Nanning…1,390,000Guilin
84%
Chine26.58004295106.720038636Zunyi, Yibin, Chongqing, Liuzhou, Guilin…3,450,000Guiyang
84%
Inde15.3599784575.1250162326Solapur, Bangalore, Mysore, Pune, Hyderabad…1,090,000Hubli-Dharwad
84%
Inde17.3999831378.4799535733Vijayawada, Solapur, Nagpur, Hubli-Dharwad, Aurangabad…9,600,000Hyderabad
84%
Chine24.28000246109.250013436Guilin, Nanning, Maoming, Guiyang, Zhanjiang…2,125,000Liuzhou
84%
Togo6.1319370721.22275711916Cotonou, Accra, Lagos, Kumasi, Ibadan…1,970,000Lomé
84%
Inde29.0004120177.7000011835New Delhi, Morādābād, Alīgarh, Bareilly, Agra…1,670,000Meerut
84%
Inde28.841791278.7567842235Bareilly, Meerut, Alīgarh, New Delhi, Agra…1,180,000Morādābād
84%
Inde28.669992977.2300040337Meerut, Alīgarh, Morādābād, Agra, Bareilly…28,400,000New Delhi
84%
Indonesie-2.980039043104.750029712Bandar Lampung, Serang, Jakarta, Batam, Singapour…1,750,000Palembang
84%
Indonesie0.564964212101.4250139Singapour, Kuala Lumpur, Batam, Medan, Palembang…1,310,000Pekanbaru
84%
Chine27.243893111.46059867Hengyang, Xiangtan, Zhuzhou, Changsha, Changde…1,060,000Shaoyang
84%
Singapour1.293033466103.85582079Batam, Pekanbaru, Kuala Lumpur, Palembang, George Town…7,750,000Singapour
84%
Inde17.670405975.9000076930Pune, Aurangabad, Hubli-Dharwad, Hyderabad, Nashik…1,060,000Solapur
84%
Inde16.5199593380.6300032128Hyderabad, Vishakhapatnam, Chennai, Bangalore, Solapur…1,910,000Vijayawada
84%
Chine27.70002626106.920026438Guiyang, Chongqing, Yibin, Nanchong, Wanzhou…1,270,000Zunyi
84%
Nigeria9.0833331497.53332800217Kaduna, Ilorin, Onitsha, Kano, Benin City…3,200,000Abuja
83%
Indonesie-5.430018698105.269997912Serang, Jakarta, Palembang, Bandung, Semarang…1,140,000Bandar Lampung
83%
Nigeria6.3404773145.62000809616Onitsha, Ibadan, Port Harcourt, Aba, Lagos…1,570,000Benin City
83%
Guinée9.531522846-13.680235036Freetown, Monrovia, Touba, Dakar, Bamako…2,375,000Conakry
83%
Canada53.55002464-113.49998193Calgary, Vancouver, Seattle1,330,000Edmonton
83%
Armenie40.1811507444.5135513915Tbilissi, Tabriz, Mossoul, Bakou, Kirkouk…1,490,000Erevan
83%
Sierra Leone8.470011412-13.234215745Conakry, Monrovia, Bamako, Touba, Dakar1,650,000Freetown
83%
Nigeria10.520015487.44000036517Abuja, Kano, Ilorin, Onitsha, Benin City…1,780,000Kaduna
83%
États-Unis44.97997927-93.251786348Milwaukee, Chicago, Kansas City, Saint Louis, Indianapolis…3,100,000Minneapolis
83%
Nigeria6.1404120076.77998897217Benin City, Aba, Port Harcourt, Abuja, Ibadan…1,140,000Onitsha
83%
Indonesie-6.109977194106.149634212Jakarta, Bandar Lampung, Bandung, Palembang, Semarang…1,200,000Serang
83%
Senegal14.86881-15.8924185Dakar, Nouakchott, Conakry, Freetown, Bamako1,000,000Touba
83%
Nigeria5.1003979687.3499800215Port Harcourt, Onitsha, Benin City, Douala, Abuja…1,090,000Aba
82%
Emirats Arabes Unis24.4666835754.3665933811Dubai, Doha, Manama, Mascate, Dammam…1,360,000Abou Dabi
82%
États-Unis32.82002382-96.8400169313Austin, Oklahoma City, Houston, San Antonio, Memphis…6,900,000Dallas
82%
Qatar25.2865560151.5329678911Manama, Dammam, Abou Dabi, Dubai, Riyad…2,325,000Doha
82%
Emirats Arabes Unis25.2299961555.2799743211Abou Dabi, Doha, Mascate, Manama, Dammam…4,625,000Dubai
82%
Iran32.7000053151.700037818Qom, Ahvaz, Tehéran, Shiraz, Bassorah…3,100,000Ispahan
82%
Pakistan24.8699922966.9900089116Hyderabad, Rajkot, Quetta, Ahmedabad, Jodhpur…16,900,000Karachi
82%
Irak35.472239244.392266820Mossoul, Bagdad, Tabriz, Erevan, Qom…1,020,000Kirkouk
82%
Niger13.516705952.11665604513Ouagadougou, Ilorin, Kaduna, Ibadan, Kano…1,220,000Niamey
82%
Nigeria4.8100022577.01000077215Aba, Onitsha, Benin City, Douala, Lagos…2,200,000Port Harcourt
82%
États-Unis30.26694969-97.7427783612San Antonio, Houston, Dallas, McAllen, Monterrey…1,860,000Austin
81%
Venezuela10.04999249-69.2999666812Valence, Maracay, Caracas, Maracaibo, Bucaramanga…1,280,000Barquisimeto
81%
Mexique31.69037701-106.490048111El Paso, Phoenix, Torreón, San Antonio, Austin…1,470,000Ciudad Juárez
81%
États-Unis31.77998395-106.509995211Ciudad Juárez, Phoenix, Torreón, San Antonio, Mexicali…1,030,000El Paso
81%
États-Unis29.81997438-95.339979299Austin, San Antonio, Dallas, McAllen, La nouvelle Orléans…6,500,000Houston
81%
Nicaragua12.15301658-86.268491666Tegucigalpa, San José, San Salvador, San Pedro Sula, Guatemala City…1,320,000Managua
81%
États-Unis29.48733319-98.5073053414Austin, Houston, McAllen, Dallas, Monterrey…2,150,000San Antonio
81%
Costa Rica9.93501243-84.084051357Managua, Panama, Tegucigalpa, San Salvador, San Pedro Sula…2,325,000San José
81%
Indonesie-6.950029278107.570012611Jakarta, Serang, Bandar Lampung, Semarang, Yogyakarta…6,150,000Bandung
80%
Inde20.2704280885.8273603923Jamshedpur, Ranchi, Kolkata, Vishakhapatnam, Dhanbad…1,820,000Bhubaneswar
80%
Sénegal14.71583173-17.473130134Touba, Nouakchott, Conakry, Freetown3,500,000Dakar
80%
Indonesie-8.650028871115.21998498Malang, Surabaya, Surakarta, Yogyakarta, Semarang…1,670,000Denpasar
80%
Indonesie-7.97999225112.61001510Surabaya, Surakarta, Yogyakarta, Semarang, Denpasar…1,460,000Malang
80%
Afrique du Sud-33.9700337525.600028853Le Cap, Durban, Johannesburg1,300,000Port Elizabeth
80%
Inde23.3700063385.3300264130Jamshedpur, Dhanbad, Āsansol, Patna, Varanasi…1,360,000Ranchi
80%
Indonesie-6.966617412110.420019510Surakarta, Yogyakarta, Surabaya, Malang, Bandung…2,100,000Semarang
80%
Indonesie-7.249235821112.750833310Malang, Surakarta, Semarang, Yogyakarta, Denpasar…4,875,000Surabaya
80%
Indonesie-7.564978822110.825007711Yogyakarta, Semarang, Malang, Surabaya, Bandung…1,250,000Surakarta
80%
Inde17.7300146783.3049820527Vijayawada, Bhubaneswar, Bhilai, Hyderabad, Nagpur…2,075,000Vishakhapatnam
80%
Indonesie-7.77995278110.375009310Surakarta, Semarang, Malang, Surabaya, Bandung…1,320,000Yogyakarta
80%
Inde23.683333386.983333324Dhanbad, Jamshedpur, Ranchi, Kolkata, Khulna…1,560,000Āsansol
79%
République du Congo-4.25918577215.284689496Kinshasa, Pointe-Noire, Luanda, Kananga, Mbuji-Mayi…2,100,000Brazzaville
79%
Australie-27.45503091153.03509271Sydney2,950,000Brisbane
79%
Bangladesh22.3299922991.7999674114Dacca, Khulna, Kolkata, Guwahati, Mandalay…4,725,000Chittagong
79%
Bangladesh23.7230597190.4085794717Khulna, Chittagong, Kolkata, Guwahati, Āsansol…18,800,000Dacca
79%
Inde23.8003934986.4199857225Āsansol, Jamshedpur, Ranchi, Patna, Kolkata…1,340,000Dhanbad
79%
Cameroun4.0604097699.70999100615Yaoundé, Aba, Port Harcourt, Onitsha, Benin City…3,125,000Douala
79%
Malaisie5.413613156100.32936799Medan, Kuala Lumpur, Pekanbaru, Singapour, Batam…2,050,000George Town
79%
Inde26.1600169191.7699950814Dhaka, Chittagong, Khulna, Kolkata, Āsansol…1,100,000Guwahati
79%
Chine30.24997398120.170018776Cixi, Changshu, Yiwu, Ningbo, Wuxi…8,250,000Hangzhou
79%
Inde22.7875354286.1975186825Ranchi, Dhanbad, Āsansol, Kolkata, Bhubaneswar…1,600,000Jamshedpur
79%
Bangladesh22.83998789.5600007719Dacca, Kolkata, Chittagong, Āsansol, Dhanbad…1,090,000Khulna
79%
République démocratique du Congo-4.32972410215.314971886Brazzaville, Pointe-Noire, Luanda, Kananga, Mbuji-Mayi…11,600,000Kinshasa
79%
Inde22.494969388.3246756620Khulna, Āsansol, Jamshedpur, Dhanbad, Dhaka…16,400,000Kolkata
79%
République du Congo-4.7760911.863524Brazzaville, Kinshasa, Luanda, Yaoundé1,090,000Pointe-Noire
79%
Equateur-0.214988181-78.500051114Guayaquil, Cali, Bogotá, Medellín2,625,000Quito
79%
Azerbaïdjan40.3952720349.8622171611Tabriz, Tbilissi, Erevan, Tehéran, Qom…2,525,000Bakou
78%
Equateur-2.220033754-79.920041953Quito, Cali, Bogotá3,075,000Guayaquil
78%
Chine20.05000226110.320025623Zhanjiang, Maoming, Nanning, Zhuhai, Guangzhou…1,960,000Haikou
78%
Perou-12.04801268-77.05006209010,300,000Lima
78%
Myanmar21.9699884296.085028858Chittagong, Yangon, Dacca, Guwahati, Khulna…1,480,000Mandalay
78%
Chine21.92040489110.870017933Zhanjiang, Haikou, Nanning, Zhuhai, Guangzhou…1,280,000Maoming
78%
Chine22.81998822108.320044331Liuzhou, Zhanjiang, Maoming, Hanoi, Guilin…3,525,000Nanning
78%
Mauritanie18.08642702-15.975340413Touba, Dakar, Conakry1,160,000Nouakchott
78%
Iran34.6500154850.9500060617Tehéran, Ispahan, Ahvaz, Bassorah, Tabriz…1,240,000Qom
78%
Iran38.0862915246.3012458916Erevan, Kirkouk, Mossoul, Bakou, Tbilissi…1,760,000Tabriz
78%
Iran35.6719427751.4243440315Qom, Ispahan, Tabriz, Bakou, Ahvaz…14,700,000Tehéran
78%
Chine21.19998374110.380021926Maoming, Haikou, Nanning, Zhuhai, Liuzhou…1,250,000Zhanjiang
78%
Venezuela10.2468797-67.5958071311Valence, Caracas, Barquisimeto, Maracaibo, Bucaramanga…1,410,000Maracay
77%
Georgie41.7250099944.7907954515Erevan, Tabriz, Bakou, Mossoul, Kirkouk…1,290,000Tbilissi
77%
Venezuela10.22998151-67.980021411Maracay, Caracas, Barquisimeto, Maracaibo, Bucaramanga…1,990,000Valence
77%
Thailande13.74999921100.51664476Chonburi, Phnom Penh, Yangon, Ho Chi Minh Ville, George Town…18,400,000Bangkok
76%
Thailande13.40040814100.99997436Bangkok, Phnom Penh, Yangon, Ho Chi Minh Ville, George Town…1,370,000Chonburi
76%
Nigeria11.999976838.520037815Kaduna, Abuja, Maiduguri, Ilorin, Onitsha…4,400,000Kano
76%
Myanmar16.783354196.166677616Mandalay, Bangkok, Chonburi, Chittagong, Khulna…5,400,000Yangon
76%
Angola-8.83828611413.234427043Pointe-Noire, Kinshasa, Brazzaville7,650,000Luanda
75%
Japon26.20717165127.672971624Taipei, Wenzhou, Ningbo, Cangnan, Taichung…1,210,000Naha
75%
Philippines15.14505617120.54508626Manille, Cebu, Kaohsiung, Tainan, Taichung…1,410,000Angeles
74%
Philippines10.31997601123.90007523Davao, Manille, Angeles2,600,000Cebu
74%
Philippines7.110016906125.62999552Cebu, Manille1,510,000Davao
74%
Arabie Saoudite21.5168894639.219197555La Mecque, Medine, Riyad, Sana'a, Khartoum4,625,000Djeddah
74%
Philippines14.60415895120.98221725Angeles, Cebu, Kaohsiung, Tainan, Davao24,600,000Manille
74%
Argentine-26.81015-65.2153986Córdoba, Mendoza, Asunción, Rosario, Santiago…1,000,000San Miguel de
Tucumán
74%
Chine29.56497703106.594981640Nanchong, Zunyi, Yibin, Wanzhou, Chengdu…7,800,000Chongqing
73%
Cambodge11.55003013104.91663455Ho Chi Minh Ville, Chonburi, Bangkok, George Town, Kuala Lumpur2,075,000Phnom Penh
73%
Libye32.8925000213.180011763Sousse, Tunis, Naples1,180,000Tripoli
73%
Chili-33.45001382-70.667040855Valparaíso, Mendoza, Córdoba, San Miguel de Tucumán, Rosario7,050,000Santiago
72%
Chili-33.04776447-71.621013634Santiago, Mendoza, Córdoba, San Miguel de Tucumán1,010,000Valparaíso
72%
Arabie Saoudite21.4300213839.820039434Djeddah, Medine, Riyad, Sana'a2,000,000La Mecque
71%
République démocratique du Congo-5.89629422.4176026Mbuji-Mayi, Kisangani, Kinshasa, Brazzaville, Lubumbashi…1,150,000Kananga
70%
Afrique du sud-33.9200109718.434988161Port Elizabeth4,125,000Le Cap
70%
République démocratique du Congo-6.15002642923.599995896Kananga, Lubumbashi, Kisangani, Kigali, Kinshasa…1,930,000Mbuji-Mayi
70%
Vietnam10.78002545106.69502724Phnom Penh, Chonburi, Bangkok, George Town8,350,000Ho Chi Minh Ville
69%
Iran36.2700199659.56999678Achgabat, Tehéran, Qom, Ispahan, Kaboul…3,100,000Mashhad
69%
Mexique20.96663881-89.616633557San Pedro Sula, Guatemala, La Havane, Tegucigalpa, San Salvador…1,110,000Mérida
69%
États-Unis39.73918805-104.9840167Salt Lake City, Oklahoma City, El Paso, Kansas City, Ciudad Juárez…3,650,000Denver
68%
Kenya-4.04002602239.689918174Dar es Salaam, Nairobi, Mogadiscio, Kampala1,200,000Mombasa
68%
Kenya-1.28334674236.816656864Mombasa, Kampala, Dar es Salaam, Kigali5,750,000Nairobi
68%
République dominicaine18.47007285-69.900085088Port-au-Prince, San Juan, Maracaibo, Barquisimeto, Valence…3,825,000Saint Domingue
68%
Puerto Rico18.44002301-66.129979296Saint Domingue, Port-au-Prince, Caracas, Maracay, Valence…2,050,000San Juan
68%
Bolivie-17.41001097-66.169976852La Paz, Santa Cruz1,300,000Cochabamba
67%
Guatemala14.62113466-90.526965587San Salvador, San Pedro Sula, Tegucigalpa, Managua, Mérida…3,100,000Guatemala
67%
Bolivie-16.49797361-68.149985192Cochabamba, Santa Cruz2,025,000La Paz
67%
Honduras15.50002159-88.029986216Tegucigalpa, San Salvador, Guatemala, Managua, Mérida…1,160,000San Pedro Sula
67%
Salvador13.71000165-89.203041226Guatemala, Tegucigalpa, San Pedro Sula, Managua, San José…1,840,000San Salvador
67%
Bolivie-17.75391762-63.225996342Cochabamba, La Paz2,000,000Santa Cruz
67%
Honduras14.1020449-87.217529346San Pedro Sula, San Salvador, Managua, Guatemala, San José…1,130,000Tegucigalpa
67%
Tanzanie-6.80001259539.268341843Mombasa, Nairobi, Lilongwe5,900,000Dar es Salaam
66%
Arabie Saoudite24.4999890339.58000247Djeddah, La Mecque, Riyad, Amman, Gaza…1,440,000Médine
66%
Chine30.81999086108.400039455Nanchong, Chongqing, Yichang, Mianyang, Jingzhou…1,070,000Wanzhou
66%
Turkmenistan37.9499949358.383299115Mashhad, Tehéran, Qom, Bakou, Ispahan1,300,000Achgabat
65%
Zimbabwe-17.8177896931.044709435Lusaka, Lilongwe, Lubumbashi, Maputo, Johannesburg2,400,000Harare
65%
Afrique du Sud-26.1700447428.030009724Maputo, Durban, Port Elizabeth, Harare13,400,000Johannesburg
65%
Mozambique-25.9552774932.589162963Johannesburg, Durban, Harare2,750,000Maputo
65%
Oman23.6133248158.593312137Dubai, Abou Dabi, Doha, Manama, Karachi…1,300,000Mascate
64%
Afrique du Sud-29.86501330.980010543Maputo, Johannesburg, Port Elizabeth3,325,000Durban
63%
Ouganda0.31665895532.583323534Kigali, Nairobi, Kisangani, Mombasa3,250,000Kampala
63%
Rwanda-1.95359006930.060531785Kampala, Kisangani, Nairobi, Mbuji-Mayi, Kananga1,090,000Kigali
63%
Chine28.750566104.64606730Chongqing, Chengdu, Zunyi, Nanchong, Mianyang…1,010,000Yibin
63%
Malaisie3.166665872101.69998337Pekanbaru, George Town, Singapour, Medan, Batam…8,450,000Kuala Lumpur
62%
Indonesie3.57997397898.650040246George Town, Kuala Lumpur, Pekanbaru, Singapour, Batam…3,525,000Medan
61%
Inde13.0899878180.2799987420Salem, Bangalore, Tiruchirappalli, Vijayawada, Tiruppur…10,700,000Chennai
60%
Chine45.74998395126.649984916Daqing, Jilin, Changchun, Qiqihar, Shenyang…5,300,000Harbin
60%
Inde10.0150075576.2239155715Coimbatore, Calicut, Tiruppur, Madurai, Mysore…1,560,000Kochi
60%
Inde11.0804205577.3299979217Coimbatore, Salem, Tiruchirappalli, Mysore, Madurai…1,330,000Tiruppur
60%
Venezuela10.50099855-66.917037199Maracay, Valence, Barquisimeto, Maracaibo, Bucaramanga…3,750,000Caracas
59%
Sri Lanka6.93196575879.8577506110Madurai, Tiruchirappalli, Kochi, Tiruppur, Coimbatore…4,750,000Colombo
59%
Inde9.92002626478.1200272214Tiruchirappalli, Tiruppur, Coimbatore, Salem, Kochi…1,710,000Madurai
59%
Kazakhstan51.180171.445986Omsk, Tchelyabinsk, Novosibirsk, Ekaterinburg, Bichkek…1,020,000Noursultan
59%
Brésil-5.095000388-42.78000928São Luís, Fortaleza, Belém, Natal, João Pessoa…1,020,000Teresina
59%
Inde10.8099977878.6899665915Salem, Madurai, Tiruppur, Coimbatore, Bangalore…1,170,000Tiruchirappalli
59%
Mali12.65001467-8.0000391057Ouagadougou, Conakry, Freetown, Monrovia, Touba…3,250,000Bamako
58%
Russie56.8500299360.599959677Tchelyabinsk, Perm, Ufa, Kazan, Samara…1,630,000Ekaterinbourg
58%
Russie55.1549912761.438668177Ekaterinbourg, Ufa, Perm, Omsk, Samara…1,410,000Tchelyabinsk
58%
Kazakhstan43.3249898576.915036174Bichkek, Tachkent, Ürümqi, Astana1,970,000Almaty
57%
Russie54.9899884273.399953574Astana, Novosibirsk, Tchelyabinsk, Ekaterinbourg1,180,000Omsk
57%
Brésil-7.10113513-34.876071176Recife, Natal, Maceió, Fortaleza, Salvador…1,140,000João Pessoa
56%
Brésil-9.619995505-35.729974416Recife, João Pessoa, Natal, Salvador, Fortaleza…1,130,000Maceió
56%
Brésil-5.780023174-35.240004316João Pessoa, Recife, Maceió, Fortaleza, Teresina…1,410,000Natal
56%
Russie55.0299601482.960041873Omsk, Krasnoïarsk, Astana1,690,000Novosibirsk
56%
Brésil-8.075645326-34.915605516João Pessoa, Maceió, Natal, Fortaleza, Salvador…3,800,000Recife
56%
Brésil-12.9699719-38.479987437Maceió, Recife, João Pessoa, Vitória, Natal…3,700,000Salvador
56%
Yémen15.354733344.206593383La Mecque, Djeddah, Addis Abeba2,625,000Sana'a
55%
Australie-34.93498777138.60000481Melbourne1,320,000Adelaide
54%
Soudan15.5880782332.534179242Djeddah, Addis-Abeba5,950,000Khartoum
54%
Liberia6.31055666-10.804751634Freetown, Conakry, Abidjan, Bamako1,480,000Monrovia
54%
Ethiopie9.03331036338.700004432Sana'a, Khartoum3,650,000Addis-Abeba
53%
Chine30.67000002104.070019529Mianyang, Nanchong, Yibin, Chongqing, Wanzhou…9,300,000Chengdu
53%
Chine30.78043256106.129997137Chongqing, Mianyang, Chengdu, Wanzhou, Yibin…1,180,000Nanchong
53%
Paraguay-25.29640298-57.641505175San Miguel de Tucumán, Porto Alegre, Curitiba, Rosario, Córdoba2,275,000Asunción
52%
Kirghizistan42.8774.594Almaty, Tachkent, Astana, Srinagar1,040,000Bichkek
52%
Chine31.46997703104.769976832Chengdu, Nanchong, Chongqing, Yibin, Wanzhou…1,360,000Mianyang
52%
Brésil-3.750017884-38.579981326Natal, Teresina, João Pessoa, Recife, São Luís…3,650,000Fortaleza
51%
Haiti18.5410246-72.336034596Saint Domingue, San Juan, Maracaibo, Barranquilla, Carthagène…3,050,000Port-au-Prince
51%
Pakistan30.2200016567.0249938519Multan, Kaboul, Hyderabad, Karachi, Faisalabad…1,080,000Quetta
51%
Tchad12.1130965415.049148316Maiduguri, Kano, Kaduna, Abuja, Bangui…1,310,000N'Djamena
50%
Nigeria11.8499601413.160012988N'Djamena, Kano, Kaduna, Abuja, Yaoundé…1,130,000Maiduguri
47%
Australie-31.95501463115.839998702,000,000Perth
47%
République centrafricaine4.36664430618.558288134Yaoundé, Kisangani, N'Djamena, Douala1,130,000Bangui
46%
Afghanistan34.5166902969.1832600515Peshawar, Rawalpindi, Faisalabad, Quetta, Srinagar…4,000,000Kaboul
45%
Mongolie47.9166734106.91661582Baotou, Hohhot1,360,000Oulan-Bator
45%
Brésil-3.100031719-60.0000175402,150,000Manaus
44%
Brésil-2.515984681-44.265990853Teresina, Belém, Fortaleza1,430,000São Luís
42%
Ouzbékistan41.3117018869.294932826Bichkek, Almaty, Kaboul, Peshawar, Rawalpindi…2,700,000Tachkent
42%
Nouvelle Zélande-36.850013174.764980801,550,000Auckland
41%
Chine25.06998008102.679975118Guiyang, Yibin, Zunyi, Hanoi, Nanning…4,050,000Kunming
41%
Madagascar-18.9166373547.516623902,375,000Antananarivo
40%
Malawi-13.9832950733.783301964Harare, Lusaka, Lubumbashi, Dar es Salaam1,190,000Lilongwe
39%
Brésil-1.450003236-48.480023032São Luís, Teresina2,250,000Belém
35%
Chine36.05602785103.792000327Xining, Yinchuan, Baoji, Xi'an, Mianyang…2,750,000Lanzhou
35%
Chine36.6199986101.770004814Lanzhou, Yinchuan, Baoji, Mianyang, Chengdu…1,400,000Xining
35%
États-Unis21.30687644-157.857997901,000,000Honolulu
34%
Russie57.9999597456.249992637Ekaterinburg, Ufa, Tchelyabinsk, Kazan, Samara…1,110,000Perm
32%
Russie54.7899747956.040031297Tchelyabinsk, Perm, Ekaterinbourg, Samara, Kazan…1,130,000Ufa
32%
République démocratique du Congo0.51953625.1931525Kigali, Mbuji-Mayi, Kananga, Kampala, Bangui1,090,000Kisangani
30%
République démocratique du Congo-11.680024827.480017455Lusaka, Lilongwe, Mbuji-Mayi, Harare, Kananga2,050,000Lubumbashi
30%
Zambie-15.4166442728.283327593Harare, Lubumbashi, Lilongwe2,475,000Lusaka
30%
Chine46.57995913125.000008114Qiqihar, Harbin, Changchun, Jilin, Shenyang…1,650,000Daqing
27%
Somalie2.06668133445.366677611Mombasa1,830,000Mogadiscio
27%
Chine47.34497703123.989992214Daqing, Harbin, Changchun, Jilin, Shenyang…1,050,000Qiqihar
27%
Chine43.8050122387.575005651Almaty3,975,000Ürümqi
27%
Indonesie-5.139958884119.43202754Denpasar, Surabaya, Malang, Surakarta1,880,000Makassar
23%
Russie56.0139827792.866000531Novosibirsk1,120,000Krasnoïarsk
17%

Distribution des résultats

Percentile par nombre de réponses

% des personnes avec chaque résultat

Votre développement - résultats

Vous n’avez pas pris ce quiz